000 01287nam a22003497a 4500
003 CHAP
005 20220817043028.0
008 971010s1982 r 00010 d
010 _a63262
011 _a64234
035 _a69498
040 _cCHAP
090 _aFolleto 7545
100 0 0 _aGómez González, Gerardo.
_949715
245 1 _aDocumento sobre el archivo del desarrollo histórico del Departamento de Sociología Rural, 1972-1982
260 _aChapingo, Méx. :
_bUACH. Departamento de Sociología Rural,
_c1982
300 _a19 p.
590 _aBATCH-UPD
_b10
_c20130110
_lUCH01
_h0129
590 _aBATCH-UPD
_b10
_c20130110
_lUCH01
_h1950
590 _aBATCH-UPD
_b10
_c20130409
_lUCH01
_h2125
590 _aBATCH-UPD
_b10
_c20130410
_lUCH01
_h1312
590 _aBATCH-UPD
_b10
_c20130914
_lUCH01
_h1549
590 _aCONVERSION
_b10
_c20130109
_lUCH01
_h1334
650 1 4 _aSociología rural
_xEstudio y enseñanza.
_9108230
710 0 _aUACH. Departamento de Sociología Rural.
901 _aBK
942 _cFOLL
949 _aFolleto 7545
_bBC
_cFOLL
_d-22660
_eTS2
_fc.2
_i69498
_si
949 _aFolleto 7545
_bBC
_cFOLL
_d-22663
_eTS2
_fc.3
_i69498
_si
949 _aFolleto 7545
_bBC
_cFOLL
_d-22664
_eTS2
_fc.4
_i69498
_si
949 _aFolleto 7545
_bBC
_cUACH
_d-22656
_eUACH
_i69498
_si
999 _c63262
_d63262